Steel bridges (Record no. 114423)
[ view plain ]
| 000 -LEADER | |
|---|---|
| fixed length control field | 01255cam a22002535a 4500 |
| 001 - CONTROL NUMBER | |
| control field | L156807 |
| 008 - FIXED-LENGTH DATA ELEMENTS--GENERAL INFORMATION | |
| fixed length control field | 170712s2012 xxk f 001 0 eng d |
| 020 ## - INTERNATIONAL STANDARD BOOK NUMBER | |
| International Standard Book Number | 9781850730613 |
| 035 ## - SYSTEM CONTROL NUMBER | |
| System control number | (Sirsi) u156807 |
| 041 0# - LANGUAGE CODE | |
| Language code of text/sound track or separate title | eng |
| 050 04 - LIBRARY OF CONGRESS CALL NUMBER | |
| Classification number | 624.25 $2 18 |
| 110 2# - MAIN ENTRY--CORPORATE NAME | |
| Corporate name or jurisdiction name as entry element | British Constructional Steelwork Association |
| 9 (RLIN) | 1564 |
| 245 00 - TITLE STATEMENT | |
| Title | Steel bridges |
| Remainder of title | a practical approach to design for efficient fabrication and construction |
| 250 ## - EDITION STATEMENT | |
| Edition statement | 3rd ed. |
| 260 ## - PUBLICATION, DISTRIBUTION, ETC. | |
| Place of publication, distribution, etc. | London |
| Name of publisher, distributor, etc. | BCSA |
| Date of publication, distribution, etc. | 2010 |
| 300 ## - PHYSICAL DESCRIPTION | |
| Extent | 95p |
| Other physical details | ill. $2 5cm |
| 505 2# - FORMATTED CONTENTS NOTE | |
| Formatted contents note | Design conception -- Steel qualities -- Design of members -- Bolting -- Welding -- Accuracy -- Cost -- Case studies --Completence in steel construction -- References. |
| 520 ## - SUMMARY, ETC. | |
| Summary, etc. | Design of steel bridges is achieved most effectively when it is based on a sound understanding of both the material and the methods adopted in processing steelwork through the final bridge form. The aim of this publication is to provide a basis for this understanding by reference to the factors that influence safe, practical and economic fabrication and erection of bridge steelwork. |
| 521 ## - TARGET AUDIENCE NOTE | |
| Target audience note | Advanced. |
| 650 24 - SUBJECT ADDED ENTRY--TOPICAL TERM | |
| Topical term or geographic name entry element | Building materials and defects |
| 651 #4 - SUBJECT ADDED ENTRY--GEOGRAPHIC NAME | |
| Geographic name | United Kingdom |
| Chronological subdivision | |
| 690 ## - LOCAL SUBJECT ADDED ENTRY--TOPICAL TERM (OCLC, RLIN) | |
| Topical term or geographic name as entry element | Design and specification |
| 942 ## - ADDED ENTRY ELEMENTS (KOHA) | |
| Suppress in OPAC | 0 |
| Withdrawn status | Lost status | Source of classification or shelving scheme | Damaged status | Not for loan | Home library | Current library | Shelving location | Date acquired | Total Checkouts | Full call number | Barcode | Date last seen | Copy number | Price effective from | Koha item type |
|---|---|---|---|---|---|---|---|---|---|---|---|---|---|---|---|
| Dewey Decimal Classification | London | London | Folio | 17/07/2012 | F624.25 BCSA | 30077444 | 06/08/2019 | 1 | 06/08/2019 | Book |